Statistics for Songs in Future Nostalgia

Click here to take the quiz!

General Stats

  • This quiz has been taken 154 times
  • The average score is 9 of 11

Answer Stats

Answer% Correct
Levitating
100%
Physical
86%
Don't Start Now
82%
Cool
82%
Good in Bed
82%
Future Nostalgia
77%
Pretty Please
77%
Hallucinate
77%
Love Again
77%
Boys Will Be Boys
77%
Break My Heart
73%

Score Distribution

Percentile by Number Answered

Percent of People with Each Score

Your Score History

You have not taken this quiz